La ingeniería de suelos en las vías terrestre : carreteras, ferrocarriles y aeropistas. Volumen 2

Bibliographic Details
Main Authors: Rico Rodríguez, Alfonso, Del Castillo, Hermilo
Format: Section = Libro
Language:Undetermined
Spanish
Published: México Limusa/Noriega 2006
Subjects:
LEADER 00586nam a2200193Ia 4500
008 240830s9999 xx 000 0 und d
020 |a 968-18-0079-6 
040 |a B-ESTELÍ- RUACS / 625.732 R541 
041 |a spa 
082 |a 625.732 R541 
100 1 |a Rico Rodríguez, Alfonso 
100 1 |b  Del Castillo, Hermilo 
245 1 0 |a La ingeniería de suelos en las vías terrestre : carreteras, ferrocarriles y aeropistas. Volumen 2 
260 |a México  |b Limusa/Noriega  |c 2006 
300 |a 459 p. :il. 
650 7 |a MECÁNICA DE SUELOS 
942 |c BK  |2 ddc 
991 |a TEXTO 
999 |c 11281